Olympia: Rekord oder nicht? - Statistiken

Allgemein
  • Dieses Quiz wurde 77 mal gespielt
  • Das Durchschnittsergebnis liegt bei 7 aus 12
Antwortstatistiken
Frage Antwort % Korrekt
Michael Phelps gewann 23 olympische Goldmedaillen. Rekord
91%
Ein olympisches Finale wurde mit 0,01 Sekunden Vorsprung gewonnen. Rekord
77%
Der älteste Olympiasieger war über 60 Jahre alt. Rekord
76%
Der kürzeste olympische Wettbewerb dauerte unter 10 Sekunden. Rekord
64%
Ein Eishockeyspiel bei Olympia endete mit über 20 Toren Unterschied. Rekord
61%
Ein Land gewann bei einer Olympiade keine einzige Medaille. Rekord
56%
Ein Olympiateilnehmer blieb drei Spiele in Folge komplett ohne Punkte. Kein Rekord
46%
Ein Land gewann über 100 Medaillen bei einer Olympiade. Rekord
46%
Ein Athlet gewann bei einer Olympiade 9 Goldmedaillen. Kein Rekord
43%
Der jüngste Olympia-Sieger war 12 Jahre alt. Kein Rekord
39%
Ein Olympischer Marathon dauerte über 5 Stunden. Rekord
29%
Usain Bolt gewann den olympischen 100-Meter Lauf in 9,58 Sekunden. Kein Rekord
23%
Keine übereinstimmenden Quizze gefunden
Verteilung der Resultate
Anzahl Personen mit jedem Resultat
Perzentil nach korrekt beantworteten Fragen
Ihre Resultats-Entwicklung
Sie haben dieses Quiz noch nicht gespielt